000 00183 a2200097 4500
001 5937
100 _aLamb,H
245 _aDynamics
260 _a
_bCambridge
_c
090 _c4845
_d4845
942 _aNUST-CAE
_cM
_c31206
999 _c241010
_d241010